• 首页
  • 本馆介绍
  • 公告通知
  • 最新文献
  • 馆藏检索
  • 电子资源
  • 读者导购
  • 参考咨询
  • 我的图书馆
  • 登录
  • 详细信息显示
  • 放入我的书架
  • 预约/预借图书
  • 作者相关作品
  • 分类相关作品
  • 丛书相关作品
  • 出版社相关作品

书目信息

  • 表格格式
  • 工作单格式
  • 卡片格式
题名:
美国史论文集
    
 
作者: ;中国美国史研究会 编
分册:  
出版信息: 北京   三联书店  1983
页数: 602页
开本: 21cm
丛书名:
单 册:
中图分类: K712.07
科图分类:
主题词: 史评--美国
电子资源:
ISBN:
000 00713nam0 2200241 45
001 0183004228
005 20060112164957.73
010    @dCNY1.90
091    @a11002.620
100    @a19950630d1983 em y0chiy0121 ea
101 0  @achi
102    @aCN@b110000
105    @ay z 000yy
200 10 @a美国史论文集@Amei guo shi lun wen ji@e1981-1983@f中国美国史研究会编@Fzhong guo mei guo shi yan jiu hui bian
210    @a北京@c三联书店@d1983
215    @a602页@d21cm
517 1  @a1981-1983
606    @a史评@y美国
690    @aK712.07@v3
711 02 @a中国美国史研究会@Azhong guo mei guo shi yan jiu hui@4编
801  2 @aCN@bNLC@c20060112
801  0 @aCN@b上海图书馆@c20031218
905    @f1@b108173@dK712.07@e4
    
    美国史论文集:1981-1983/中国美国史研究会编.-北京:三联书店,1983
    602页;21cm
    
    
    ISBN :CNY1.90
    
●
相关链接 在E读中查询图书 在五车中查询图书 在当当中查询图书 在豆瓣中查询图书


正题名:美国史论文集     索取号:K712.07/4         预约/预借

序号 登录号 条形码 馆藏地/架位号 状态 备注
1 0108173   001718047   密集书库/ [索取号:K712.07/4] 在馆    
2 0108174   001413358   第二样本阅览室/ [索取号:K712.07/4] 在馆    
3 0172396   001844730   密集书库/ [索取号:K712.07/4] 在馆    
4 0172397   202173174   密集书库/ [索取号:K712.07/4] 在馆    
唐山师范学院图书馆 欢迎您!
大连网信软件有限公司© 版权所有